Yahoo! toàn tập

Nội dung giới thiệu cách tìm kiếm Yahoo! bao gồm đăng ký thư tài khoản miễn phí và sổ địa chỉ, các vấn đề về tài chính cá nhân, bán đấu giá, mua bán, du lịch, giải trí...

Spremljeno u:
Bibliografski detalji
Glavni autor: Neibauer, Alan
Format: Knjiga
Jezik:Undetermined
Izdano: Hà Nội Thống kê 2002
Teme:
Oznake: Dodaj oznaku
Bez oznaka, Budi prvi tko označuje ovaj zapis!
Thư viện lưu trữ: Trung tâm Học liệu Trường Đại học Cần Thơ
LEADER 00807nam a2200193Ia 4500
001 CTU_232292
008 210402s9999 xx 000 0 und d
082 |a 025.04 
082 |b N397 
100 |a Neibauer, Alan 
245 0 |a Yahoo! toàn tập 
245 0 |c Alan Neibauer ; Lê Minh Trung (biên dịch) 
260 |a Hà Nội 
260 |b Thống kê 
260 |c 2002 
520 |a Nội dung giới thiệu cách tìm kiếm Yahoo! bao gồm đăng ký thư tài khoản miễn phí và sổ địa chỉ, các vấn đề về tài chính cá nhân, bán đấu giá, mua bán, du lịch, giải trí... 
650 |a Công cụ tìm kiếm,Web search engines 
910 |b dqhieu 
980 |a Trung tâm Học liệu Trường Đại học Cần Thơ